01376nab a2200373 a 450000100060000000300080000600500170001400600190003100700150005000800410006502200140010603500220012004000260014205000200016808000120018808200120020010000400021222200220025224501830027426000340045730000150049136200120050653301640051865000330068265000310071565000320074665000300077865500320080870000280084070000250086871000190089374000270091285600630093996219FlNmELB20241217172548.0m o d | cr cn|||||||||201211r2007 sp |||||s|||||||||||spa d a1886-6344 a(OCoLC)1105881592 aFlNmELBbspacFlNmELB 4aZ665bR696 2007 a02(058)04a0202221 aRodríguez Gairín, Josep Manuel. 0aAnuario Think EPI10aTecnologías de la informaciónh[recurso electronico] :bGoogle Talk, Podcasts, Blogs, Web 2.0 /cJosep Manuel Rodríguez Gairín, Javier Leiva Aguilera, Jorge Serrano Cobo. a[Barcelona] :b[s.n.],c2007. a159-171 p.0 a(2007)- aRecurso electrónico. Santa Fe, Arg.: e-libro, 2015. Disponible vía World Wide Web. El acceso puede estar limitado para las bibliotecas afiliadas a e-libro. 4aBiblioteconomíavAnuarios. 4aDocumentaciónvAnuarios. 4aLibrary sciencevYearbooks. 4aDocumentationvYearbooks. 4aArtículos electrónicos.1 aLeiva Aguilera, Javier.1 aSerrano Cobo, Jorge.2 ae-libro, Corp.02aAnuario Thinkepi 2007.40uhttps://elibro.net/ereader/politecnicointernacional/101198